Datum a čas kvízu
28.5
Celkem bodů
Celkový počet nahraných bodů na tomto kvízu bez doplňovacích otázek.
4.
Pořadí na kvízu
Konečné umístění týmu na tomto kvízu.
Zaznamenané odpovědi
# | Otázka | Odpověď | Body | Výsledky |
---|---|---|---|---|
1. | Bývalá první dáma oslavila v ú... | Ivana Zemanová, 60 | 0 | |
2. | V pondělí byl v Paříži zahájen... | Kim Kardashian | 0 | |
3. | Jak se jmenuje Miss Czech Repu... | Linda Górecká | 0 | |
4. | Skupina Seyfor vedená Martinem... | Dotykačka | 1 | |
5. | Minulý týden plnil stránky spo... | Andrej Kollár | 1 | |
6. | Podíváme se na několik známých... | Džoser | 0 | |
7. | V Egyptě ještě chvíli zůstane... | Tutanchamon | 0 | |
8. | Kdo je pohřben pod tímto náhro... | Josef Skupa | 0 | |
9. | Tento hřbitov je situován při... | Arlingtonský | 0 | |
10. | V poslední otázce tématu se po... | Jenny Gump | 1 |